Closest Countries Chain A-Z - Statistics

General Stats
  • This quiz has been taken 40 times
  • The average score is 14 of 24
Answer Stats
Letter Country % Correct
A Australia
96%
B Brunei
81%
C Cambodia
78%
F France
74%
H Hungary
74%
D Djibouti
70%
G Greece
70%
I Italy
70%
J Jordan
70%
K Kuwait
67%
L Lebanon
67%
E Egypt
63%
O Oman
59%
Q Qatar
59%
R Russia
52%
Y Yemen
52%
Z Zambia
52%
P Pakistan
48%
S Sweden
44%
V Vatican City
44%
M Montenegro
41%
T Turkey
41%
N North Macedonia
37%
U Ukraine
37%
No matching quizzes found
Score Distribution
Percent of People with Each Score
Percentile by Number Answered
Your Score History
You have not taken this quiz